Online Catalogue and eLibrary

The Sinhala peasant in a changing society : (Record no. 368)

MARC details
000 -LEADER
fixed length control field 00582cam a2200181 a 4500
001 - CONTROL NUMBER
control field 1893758
005 - DATE AND TIME OF LATEST TRANSACTION
control field 20240212003520.0
008 - FIXED-LENGTH DATA ELEMENTS--GENERAL INFORMATION
fixed length control field 831220s1982 ce b b 000 0 eng
040 ## - CATALOGING SOURCE (பட்டியலாக்க மூலம்)
Original cataloging agency DLC
Transcribing agency DLC
Modifying agency DLC
082 00 - DDC Classification
Class No. 307.72
DDC Edition Number 19
Item Number - Author Mark TIL.
100 1# - MAIN ENTRY--PERSONAL NAME
Personal name Hettiarachchy, Tilak,
245 14 - TITLE STATEMENT
Title The Sinhala peasant in a changing society :
Remainder of title ecological change among the Sinhala peasants from 1769 A.D. to 1909 A.D. /
Statement of responsibility, etc. Tilak Hettiarachchy.
260 ## - PUBLICATION, DISTRIBUTION, ETC.
Place of publication, distribution, etc. Colombo, Sri Lanka :
Name of publisher, distributor, etc. Lake House Investments,
Date of publication, distribution, etc. 1982.
300 ## - PHYSICAL DESCRIPTION
Extent (e.g. Volumes, Pages etc.) xi, 147 p. :
650 #0 - SUBJECT ADDED ENTRY--TOPICAL TERM
Topical term or geographic name entry element Peasants
650 #0 - SUBJECT ADDED ENTRY--TOPICAL TERM
Topical term or geographic name entry element Agriculture
942 ## - Koha item type (Biblio)
Koha item type Books in Stacks (Lending)
Holdings
Lost status Damaged status Collection code Home library Current library Date acquired Full call number Accession Number Item type
    Lending WERC Library WERC Library 02/12/2024 307.72 TIL. 171 Books in Stacks (Lending)

© WERC Library